000 01009nam a22002657a 4500
003 dpl
005 20180905163738.0
008 180905b xxu||||| |||| 00| 0 eng d
010 _aRC-103995
020 _c45.00
035 _aRC-103995
037 _bBPPD/PUB
040 _aDPL
_bHN
_c0
082 _a
_bभट्टप्रे
100 _aभट्ट, प्रेमलाल
245 _aपितरों का घर /
_cप्रेमलाल भट्ट
260 _aनयी दिल्ली
_bसामयिक प्रकाशन
_c1987
270 _bनयी दिल्ली
_a3543, जटवाडा, दरयागंज
300 _a213पृ.
_c18सेमी(सजिल्द )
650 _aहिंदी साहित्य
_x
_z
_945168
650 _v
_aभक्ति साहित्य
_945169
650 _aHindi litarature
_945170
650 _aBhakti literature
_945171
942 _2ddc
_cHN
_h
_mभट्टप्रे
999 _c157004
_d157004